Old Hollywood Actresses - Picture Quiz - Statistics

General Stats
  • This quiz has been taken 899 times
  • The average score is 17 of 30
Answer Stats
Picture Answer % Correct
Marilyn Monroe
97%
Audrey Hepburn
96%
Katharine Hepburn
92%
Elizabeth Taylor
89%
Judy Garland
87%
Grace Kelly
86%
Bette Davis
80%
Ingrid Bergman
75%
Vivien Leigh
75%
Lauren Bacall
73%
Joan Crawford
68%
Rita Hayworth
68%
Lucille Ball
67%
Doris Day
65%
Greta Garbo
62%
Ava Gardner
55%
Mae West
51%
Jane Russell
50%
Ginger Rogers
46%
Jayne Mansfield
46%
Jean Harlow
46%
Veronica Lake
42%
Lana Turner
40%
Carole Lombard
35%
Betty Grable
26%
Greer Garson
24%
Maureen O'Hara
23%
Susan Hayward
21%
Irene Dunne
16%
Judy Holliday
14%
No matching quizzes found
Score Distribution
Percent of People with Each Score
Percentile by Number Answered
Your Score History
You have not taken this quiz